000 01099cam a22003257a 4500
003 CHAP
005 20220329141118.0
008 971014d1980 mx r 00010 spa d
010 _a62756
011 _a63728
035 _a67905
040 _cCHAP
090 _aFolleto 7294
110 2 _aUACH. Dirección Académica
_9115913
245 1 0 _aReglamento académico de alumnos
_c/por Universidad Autónoma Chapingo
260 _aChapingo, Méx. :
_bUACH. Dirección Académica,
_c1979.
300 _a38 p.
590 _aBATCH-UPD
_b10
_c20130110
_lUCH01
_h1857
590 _aBATCH-UPD
_b10
_c20130410
_lUCH01
_h1226
590 _aBATCH-UPD
_b10
_c20130914
_lUCH01
_h1242
590 _aCONVERSION
_b10
_c20130109
_lUCH01
_h1334
650 1 4 _aEducación agrícola
_xLeyes.
_935532
650 1 4 _aEducación agrícola
_zMéxico.
_935552
650 1 4 _aEscuelas agrícolas.
_937623
650 1 4 _aUniversidades
_xAdministración
_xMéxico.
_9116599
901 _aBK
942 _cFOLL
949 _aFolleto 7294
_bBC
_cFOLL
_d679052
_eTS2
_fc.2
_i67905
_sb
949 _aFolleto 7294
_bBC
_cUACH
_d679051
_eUACH
_i67905
_sb
999 _c62756
_d62756